Вопросы организации работ по ремонту и модернизации оборудования (Запись № 8366268)

Подробности
000 -МАРКЕР
контрольное поле 03590nam0a22003251 4500
001 - ИДЕНТИФИКАТОР ЗАПИСИ
контрольное поле rc\4375671
005 - ИДЕНТИФИКАТОР ВЕРСИИ
контрольное поле 20260407171600.0
021 ## - НОМЕР ГОСУДАРСТВЕННОЙ РЕГИСТРАЦИИ
Код страны Российская Федерация
Номер [60-43789]
035 ## - ДРУГИЕ СИСТЕМНЫЕ НОМЕРА
Идентификатор записи (NLR Aleph) 008544237
100 ## - ДАННЫЕ ОБЩЕЙ ОБРАБОТКИ
Данные общей обработки 20130416d1960 |||y0rusy50 ca
101 0# - ЯЗЫК РЕСУРСА
Язык текста, звукозаписи и т.д. русский
102 ## - СТРАНА ПУБЛИКАЦИИ ИЛИ ПРОИЗВОДСТВА
Страна публикации Российская Федерация
105 ## - ПОЛЕ КОДИРОВАННЫХ ДАННЫХ: ТЕКСТОВЫЕ МАТЕРИАЛЫ, МОНОГРАФИЧЕСКИЕ
Кодированные данные о монографическом текстовом документе y z |||||
200 1# - ЗАГЛАВИЕ И СВЕДЕНИЯ ОБ ОТВЕТСТВЕННОСТИ
Основное заглавие Вопросы организации работ по ремонту и модернизации оборудования
Сведения, относящиеся к заглавию (Тезисы докладов и сообщений на Всесоюз. науч.-техн. совещании в г. Горьком 21-24 июня 1960 г.)
Первые сведения об ответственности Центр. и Горьк. обл. правл. НТО машиностроит. пром-сти. (Секция ремонта и модернизации оборудования). Гос. науч.-техн. ком. Совета Министров СССР. Гос. ком. по автоматизации и машиностроению Совета Министров СССР. Совет нар. хозяйства Горьк. экон. района
210 ## - ПУБЛИКАЦИЯ, РАСПРОСТРАНЕНИЕ И ДР.
Место издания, распространения и т.д. Москва
Имя издателя, распространителя и т. д. Б. и.
Дата издания, распространения и т.д. 1960
215 ## - ФИЗИЧЕСКАЯ ХАРАКТЕРИСТИКА
Специфическое обозначение материала и объем 59 с.
Размеры 22
327 1# - ПРИМЕЧАНИЯ О СОДЕРЖАНИИ
Текст примечания Содерж.: Организация ремонта и эксплуатации оборудования на предприятиях Горьк. совнархоза / Д.И. Дюков. Организация ремонтной службы в условиях автоматизированного производства / В.А. Нижегородцев. Организация ремонта на Новочеркасском электровозостроительном заводе и доклады других авторов / В.Д. Галдин
464 #0 - АНАЛИТИЧЕСКИЙ УРОВЕНЬ
Встроенное поле 2001#$aОрганизация ремонтной службы в условиях автоматизированного производства
-- 700#1$aНижегородцев$bВ.А.
Заглавие Организация ремонтной службы в условиях автоматизированного производства
Автор Нижегородцев, В.А.
464 #0 - АНАЛИТИЧЕСКИЙ УРОВЕНЬ
Встроенное поле 2001#$aОрганизация ремонта и эксплуатации оборудования на предприятиях Горьк. совнархоза
-- 700#1$aДюков$bД.И.
Заглавие Организация ремонта и эксплуатации оборудования на предприятиях Горьк. совнархоза
Автор Дюков, Д.И.
464 #0 - АНАЛИТИЧЕСКИЙ УРОВЕНЬ
Встроенное поле 2001#$aОрганизация ремонта на Новочеркасском электровозостроительном заводе
-- 700#1$aГалдин$bВ.Д.
Заглавие Организация ремонта на Новочеркасском электровозостроительном заводе
Автор Галдин, В.Д.
606 ## - НАИМЕНОВАНИЕ ТЕМЫ КАК ПРЕДМЕТ
Наименование темы Промышленное оборудование
Тематический подзаголовок Ремонт
Формальный подзаголовок Тезисы докладов
Код системы psbo
606 ## - НАИМЕНОВАНИЕ ТЕМЫ КАК ПРЕДМЕТ
Наименование темы Промышленное оборудование
Тематический подзаголовок Модернизация
Формальный подзаголовок Тезисы докладов
Код системы psbo
712 02 - НАИМЕНОВАНИЕ ОРГАНИЗАЦИИ - ВТОРИЧНАЯ ОТВЕТСТВЕННОСТЬ
Начальный элемент ввода НТО машиностроительной промышленности
Идентифицирующий признак Москва
Системный номер авторитетной/нормативной записи 430861
Идентификатор авторитетной/нормативной записи RU\NLR\AUTH\889967260
712 12 - НАИМЕНОВАНИЕ ОРГАНИЗАЦИИ - ВТОРИЧНАЯ ОТВЕТСТВЕННОСТЬ
Начальный элемент ввода "Новое в организации работ по ремонту и модернизации оборудования", всесоюзное научно-техническое совещание
Место проведения временной организации Горький
Дата проведения временной организации 1960
Системный номер авторитетной/нормативной записи 716044
Идентификатор авторитетной/нормативной записи RU\NLR\AUTH\8810107929
801 #0 - ИСТОЧНИК ЗАПИСИ
Страна Российская Федерация
Организация NLR
Правила каталогизации psbo
801 #1 - ИСТОЧНИК ЗАПИСИ
Страна Российская Федерация
Организация ELAR
Источник данных rusmarc
852 ## - МЕСТОНАХОЖДЕНИЕ И ШИФР ХРАНЕНИЯ
Идентификатор организации NLR
Шифр хранения (Call Number) 60-6/5449
942 ## - ДОПОЛНИТЕЛЬНЫЕ ЭЛЕМЕНТЫ ЗАПИСИ (АБИС)
Тип экземпляра АБИС Книга
980 ## - КОЛЛЕКЦИЯ
Название коллекции Национальная библиография
Экземпляры
Тип экземпляра Дата поступления Библиотека постоянного хранения Библиотека текущего хранения Место хранения Шифр хранения Штрих-код Статус экземпляра
Книга 26.10.2013 РНБ (Московский) РНБ (Московский) Русский книжный фонд: издания с 1957 года 60-6/5449 8544237-10